00301nam a2200121Ia 450000500170000002000180001708200130003510000400004824500380008826000260012630000150015265000120016720251122142957.0 a9789552317958 a570bSAM aSamithri, S.S.aAmarasingha, K.I.C, aPlant form and function: unit IV/ aNawala:bOUSL,c2012. a92p.bill. aBiology